000 01502nam a2200301 a 4500
001 61867
003 BD-RjUL
005 20211209081017.0
008 170122s2005 bg a s o000 0|eng||
020 _a9845085601
_c: Tk. 500.00 Inland
035 _a(BD-RjUL)61991
040 _aDLC
_cDLC
_dDLC
_dBD-RjUL
_beng
041 0 _aengben
082 _223
_a304.6095492021
_bDIN 2005 (CS)
110 _aBangladesh Bureau of Statistics.
_9179266
245 1 0 _aBangladesh population census-2001 = বাংলাদেশ আদমশুমারি-২০০১ :
_bCommunity series, Zila: Dinajpur= কমিউনিটি সিরিজ, জেলা: দিনাজপুর /
_cBangladesh Bureau of Statistics.
246 _aবাংলাদেশ আদমশুমারি-২০০১ :
_bকমিউনিটি সিরিজ, জেলা: দিনাজপুর
260 _aDhaka :
_bBangladesh Bureau of Statistics,
_c2005.
300 _ax, 405 p. :
_bill. ;
_c28 cm.
490 _aCommunity series, Zila: Dinajpur
490 _aকমিউনিটি সিরিজ, জেলা: দিনাজপুর
500 _aPrefatory matter in Bengali and English.
651 _aBangladesh
_zDinajpur
_vcensus, 2001
_9183937
651 _aBangladesh
_zDinajpur
_xPopulation
_vStatistics
_9180042
_y2001
830 _aCommunity series, Zila: Dinajpur
_9180043
830 _aকমিউনিটি সিরিজ, জেলা: দিনাজপুর
_9180044
942 _2ddc
_cRAR
999 _c61867
_d61867